|
|
|
|
| LEADER |
00000nam0a2200000 4500 |
| 001 |
336529 |
| 005 |
20231102004849.0 |
| 035 |
|
|
|a (RuTPU)RU\TPU\book\362958
|
| 090 |
|
|
|a 336529
|
| 100 |
|
|
|a 20171017d1868 m y0rusy50 ca
|
| 101 |
0 |
|
|a rus
|
| 102 |
|
|
|a RU
|
| 105 |
|
|
|a y z 000zy
|
| 200 |
1 |
|
|a Теория волн, происходящих от поступательного внешнего давления
|e приложение к Ученым Запискам Казанского Университета, за 1867 год
|f А. Ф. Попов
|
| 210 |
|
|
|a Казань
|c Университетская типография
|d 1868
|
| 215 |
|
|
|a 30 с.
|
| 606 |
|
|
|a Гидродинамика
|x Математические методы
|2 stltpush
|3 (RuTPU)RU\TPU\subj\67339
|9 83182
|
| 610 |
1 |
|
|a теория волн
|
| 610 |
1 |
|
|a внешнее давление
|
| 610 |
1 |
|
|a постоянный поток
|
| 610 |
1 |
|
|a дифференциальные уравнения
|
| 610 |
1 |
|
|a уравнения гидродинамики
|
| 675 |
|
|
|a 532.5:51
|v 4
|
| 700 |
|
1 |
|a Попов
|b А. Ф.
|c русский математик
|c профессор Казанского университета
|f 1815-1878
|g Александр Федорович
|2 stltpush
|3 (RuTPU)RU\TPU\pers\13592
|9 4199
|
| 801 |
|
1 |
|a RU
|b 63413507
|c 20171017
|
| 801 |
|
2 |
|a RU
|b 63413507
|c 20171017
|g RCR
|
| 942 |
|
|
|c BK
|